Nailloux - Choix multiples - Statistiques

Statistiques générales
  • Ce quiz a été pris 5 fois
  • Le résultat moyen est 7 sur 10
Statistiques - réponses
Question Réponse % Correct
Que fabriquait-on avec le pastel récolté à Nailloux et dans le reste du Lauragais, en faisant un véritable "pays de cocagne" ? De la teinture
100%
Quel nom porte le village des marques de Nailloux, ayant permis un regain de popularité de la commune à partir de 2011 ? Nailloux Outlet Village
100%
Dans quel sport Fabien Pelous, qui grandit près de Nailloux et y a aujourd'hui un restaurant thématique, s'illustra-t-il et devint-il le joueur le plus sélectionné en équipe de France ? Rugby
100%
Laquelle de ces photographies représente la copie l'un des six moulins pasteliers de Nailloux ?
80%
De laquelle de ces marques n'y trouve-t-on pas d'enseigne ? Citroën
80%
Quel nom la commune porte-t-elle en occitan ? Nalhós
80%
Quel type de ville Nailloux était-elle, comme une quarantaine d'autres en Haute-Garonne ? Une bastide
80%
Où le retable de Nailloux aurait-il été sculpté, au cours de la deuxième moitié du XVe siècle ?
En Angleterre
40%
Quel cours d'eau traverse la commune et donne son nom au lac de barrage qu'on y trouve ? La Thésauque
40%
Pourquoi le roi Philippe V fit-il fortifier la commune voisine de Montgeard en 1317 ? Pour concurrencer Nailloux, au passé cathare
40%
Aucun quiz correspondant
Distribution des résultats
% des personnes avec chaque résultat
Percentile par nombre de réponses
Votre historique - résultats
Vous n’avez pas pris ce quiz